Návrh opatrení na racionalizáciu vecnej a priestorovej štruktúry v podniku Konex, s.r.o., Hlohovec

Salvato in:
Dettagli Bibliografici
Autore principale: Fajnor, Martin (Autore)
Altri autori: Daňo, Matej (Relatore della tesi)
Natura: Manoscritto Libro
Lingua:slovacco
Pubblicazione: 2015
Soggetti:
Accesso online:http://is.stuba.sk/zp/portal_zp.pl?podrobnosti=96323
Tags: Aggiungi Tag
Nessun Tag, puoi essere il primo ad aggiungerne!!

MARC

LEADER 00000ntm a22000003a 4500
001 stuzp50453
003 SK-STU
005 20160719153547.5
007 ta
008 150427s2015----xo-----f-mn---000-0-slo-d
040 |a STU  |b slo 
041 0 |a slo 
100 1 |a Fajnor, Martin  |u 064000  |4 aut  |U MTF Materiálovotechnologická fakulta  |T MTF Ústav priemyselného inžinierstva a manažmentu  |X 8410  |U M4000  |Y 84  |7 8410 
242 0 1 |a Proposes measures to rationalize the material and spatial structure in the company Konex, s.r.o., Hlohovec  |y eng 
245 1 0 |a Návrh opatrení na racionalizáciu vecnej a priestorovej štruktúry v podniku Konex, s.r.o., Hlohovec 
260 |c 2015 
650 4 |a priestorová štruktúra  |2 slo 
650 4 |a vecná štruktúra  |2 slo 
650 4 |a priestorový layout  |2 slo 
650 4 |a spatial structure  |2 eng 
650 4 |a material structure  |2 eng 
650 4 |a spatial layout  |2 eng 
700 1 |a Daňo, Matej  |4 ths  |X 57283  |7 A000057283 
856 4 |u http://is.stuba.sk/zp/portal_zp.pl?podrobnosti=96323 
996 |c M* BP-7236  |l MMSKP  |s P  |a 0  |w stuzp50453_0001 
SQL |a stuzp50453  |b DBP  |c SLO  |d Návrh opatrení na racionalizáciu vecnej a priestorovej štruktúry v podniku Konex, s.r.o., Hlohovec  |e 8410  |f Fajnor, Martin  |g 064000  |h 57283  |i Daňo, Matej  |j 20150624  |k 175  |l 06  |m http://is.stuba.sk/zp/portal_zp.pl?podrobnosti=96323  |n B-PMA  |o 5.2.52. priemyselné inžinierstvo